000 nam a22 7a 4500
999 _c329028
_d329028
003 Nust
005 20170420163412.0
008 170420b xxu||||| |||| 00| 0 eng d
040 _cDLC
082 _a909.04297 ABD
100 _aعلامہ عبدالرحمن ابن خلدون
245 _a4 تاریخ ابن خلدون جلد
260 _aLahore :
_bAlfaisal ,
300 _a749p. :
942 _2ddc
_cBK